O nové Československo /

Main Author: Hromádka, Josef Lukl, 1889-1969
Language: Czech
Published: Praha : YMCA, 1946
Series: Knihovna Nové mládeže
Online Access: Digitalizovaný dokument
Physical Description: 90, 6 s.
Book
Saved in:
LEADER 00951nam a22002411a 4500
001 000714048
003 CZ BrMZK
005 20191216130334.0
008 040505s1946 xr f cze d
015 |a cnb000500445 
035 |a (OCoLC)85301672 
040 |a BOA001  |b cze  |c BOA001 
100 1 |a Hromádka, Josef Lukl,  |d 1889-1969  |7 jk01042820  |4 aut 
245 1 0 |a O nové Československo /  |c J.L. Hromádka 
260 |a Praha :  |b YMCA,  |c 1946 
300 |a 90, 6 s. 
490 1 |a Knihovna Nové mládeže ;  |v sv. 15 
830 0 |a Knihovna Nové mládeže 
856 4 1 |u http://www.digitalniknihovna.cz/mzk/uuid/uuid:cd0602c0-81e3-11e4-a0ea-005056827e52  |y Digitalizovaný dokument  |x NDK 
910 |a BOA001  |b PK-I-0020.746  |b 1-0139.392,15 
990 |a BK 
996 7 |b 3119650775  |c PK-I-0020.746  |l MZK  |r Sklad / do 1 hodiny  |n 2  |w 000714048  |u 000010  |a 1  |e BOA001  |j MZK50  |s A 
996 6 |b BC-2012989  |c 1-0139.392,15  |l MZK  |r Sklad / do 1 hodiny  |n 0  |w 000714048  |u 000020  |a 1  |e BOA001  |j MZK50  |s P